000 00501cam a22001932 4500
001 0000002681
005 20151217155816.0
008 070418s xx 000 0 eng d
020 _a9966469397 :
040 _aKABU
_cKABU
050 0 _aPL8704
_b.M76P47
100 1 _aMtobwa, Ben.
_@0000152152
245 1 0 _aPesa zako zinanuka.
260 _aNairobi :
_bMkuki Books,
_c1997.
300 _a125 p.
908 _a070418
950 _@1
999 _c12726
_d12726